Obcokrajowcy na HSL z liczbą wystepòw - Statystyki

Ogólne statystyki
  • Ten quiz został rozwiązany 15 razy
    2 od ostatniego zresetowania
  • Średni wynik to 17 z 25
Statystyki odpowiedzi
Ilość Wystepów Narodowość % Poprawnych
4 Algieria
100%
16 Argentyna
100%
2 Austria
100%
2 Bośnia i Hercegowina
100%
4 Estonia
100%
24 Francja
100%
28 Hiszpania
100%
11 Maroko
100%
3 Portugalia
100%
27 Rosja
100%
1 Tunezja
100%
2 Ukraina
100%
6 Urugwaj
100%
2 Chorwacja
50%
1 Gruzja
50%
1 Niemcy
50%
6 Panama
50%
3 Rumunia
50%
21 Turcja
50%
5 Wietnam
50%
1 Włochy
50%
4 Chile
0%
1 Peru
0%
3 Wenezuela
0%
2 Wielka Brytania
0%
Nie znaleziono quizów pasujących do podanych kryteriów
Rozkład punktacji
Procent ludzi z każdym wynikiem
Percentyl według liczby udzielonych odpowiedzi
Twoja historia wyników
Nie rozwiązałeś tego quizu od ostatniego zresetowania